TV Network Logos III Quiz Stats

 Plays Quiz Updated Aug 22, 2012

Challenge
Share
Tweet
Score 0/20 Timer 04:00
2 Plays Today
Network % Correct
Showtime
92.6%
A&E
90.3%
TBS
88.8%
MSNBC
88.1%
Biography
85%
Home Shopping Network
78.3%
Outdoor Channel
77.2%
Versus
73%
BBC America
72.3%
TruTV
69.2%
Network % Correct
Cinemax
62.9%
ESPNU
59.9%
Military Channel
59.2%
Encore
58.4%
Science
57.3%
Country Music Television
48.3%
Telemundo
34.9%
HLN (Headline News)
4.1%
Ovation
1.8%
Halogen
0.8%

You're not logged in!

Compare scores with friends on all Sporcle quizzes.
Join for Free
OR
Log In

You Might Also Like...

Show Comments

Extras

Top Quizzes Today


Score Distribution

Your Account Isn't Verified!

In order to create a playlist on Sporcle, you need to verify the email address you used during registration. Go to your Sporcle Settings to finish the process.

Report this User

Report this user for behavior that violates our Community Guidelines.

Details: